Dinamización grupal (Registro nro. 13558)
[ vista simple ]
| 000 -Cabecera | |
|---|---|
| Campo de control de longitud fija | 01037nam a22003497a 4500 |
| 005 - Fecha y hora de la última transacción | |
| Campo de control | 20250701154933.0 |
| 008 - Elementos de longitud fija--Información general | |
| Campo de control de longitud fija | 230509b2019 |||||||| |||| 00| 0 spa d |
| 020 ## - International Standard Book Number | |
| Número Internacional Estándar del Libro (ISBN) | 9788428341400 |
| 041 ## - Idioma | |
| Código de idioma | Español |
| 082 ## - Clasificación Decimal Dewey | |
| Número de clasificación | 150.193.2 D363d |
| 100 ## - Entrada principal--Autor personal | |
| Nombre personal | Delgado Linares, Inmaculada |
| 9 (RLIN) | 76231 |
| 245 ## - Título propiamente dicho | |
| Título | Dinamización grupal |
| 260 ## - Pie de imprenta | |
| Lugar de publicación, distribución, etc. | España |
| Nombre del editor, distribuidor, etc. | Ediciones Paraninfo |
| Fecha de publicación, distribución, etc. | 2019 |
| 300 ## - Descripción física | |
| Extensión | 280 páginas |
| 490 ## - Serie | |
| Título de la Serie | Electrónica |
| 490 ## - Serie | |
| Título de la Serie | Dirección y Administración de Empresas |
| 490 ## - Serie | |
| Título de la Serie | Turismo |
| 490 ## - Serie | |
| Título de la Serie | Secretariado Ejecutivo |
| 650 ## - Materia general | |
| Temática (materia general) | DINÁMICA DE GRUPOS |
| 650 ## - Materia general | |
| Temática (materia general) | GRUPO HUMANO |
| 650 ## - Materia general | |
| Temática (materia general) | ESTRUCTURA GRUPAL |
| 650 ## - Materia general | |
| Temática (materia general) | INTERVECIÓN EN GRUPOS |
| 650 ## - Materia general | |
| Temática (materia general) | TÉCNICAS Y DINÁMICAS |
| 650 ## - Materia general | |
| Temática (materia general) | COMUNICACIÓN DE GRUPOS |
| 650 ## - Materia general | |
| Temática (materia general) | TRABAJO EN EQUIPO |
| 650 ## - Materia general | |
| Temática (materia general) | EQUIPO DE TRABAJO |
| 650 ## - Materia general | |
| Temática (materia general) | RESOLUCCIÓN DE CONFLICTOS |
| 650 ## - Materia general | |
| Temática (materia general) | TOMA DE DECISIONES GRUPAL |
| 650 ## - Materia general | |
| Temática (materia general) | EVALUACIÓN DE LOS PROCESOS GRUPALES |
| 650 ## - Materia general | |
| Temática (materia general) | EVALUACIÓN DE LA COMPETENCIA SOCIAL |
| 942 ## - Punto de acceso adicional KOHA | |
| Tipo de ítem KOHA | Libro |
| Fuente del sistema de clasificación o colocación | Dewey Decimal Classification |
| Signatura completa | Código de barras | Programa Académico | Tipo de ítem |
|---|---|---|---|
| 150.193.2 D363d | 25663 | Libro |